000 00399nam a22001577a 4500
003 macl
005 20170715125722.0
008 170715b xxu||||| |||| 00| 0 eng d
040 _cmacl
082 _a823/OXF
100 _aOxford University press
_968230
245 _aTales of crime and detection
260 _aDelhi
_bOxford University press
_c1977
650 _aStory
_968231
942 _2ddc
_cBK
999 _c56752
_d56752